LEADER 01526nam 2200445I 450 001 9910706801903321 005 20180323114634.0 035 $a(CKB)5470000002459454 035 $a(OCoLC)1029354607 035 $a(EXLCZ)995470000002459454 100 $a20180323j201802 ua 0 101 0 $aeng 135 $aurmn||||||||| 181 $ctxt$2rdacontent 182 $cc$2rdamedia 183 $acr$2rdacarrier 200 10$aDetermination of cross-sectional area of focused picosecond Gaussian laser beam /$fRodolfo Ledesma [and three others] 210 1$aHampton, Virginia :$cNational Aeronautics and Space Administration, Langley Research Center,$dFebruary 2018. 215 $a1 online resource (6 pages) $ccolor illustrations 225 1 $aNASA/TM ;$v2018-219809 300 $a"February 2018." 320 $aIncludes bibliographical references (pages 5-6). 606 $aSurface roughness$2nasat 606 $aLaser ablation$2nasat 606 $aPulse duration$2nasat 606 $aLasers$2nasat 606 $aScanning electron microscopy$2nasat 615 7$aSurface roughness. 615 7$aLaser ablation. 615 7$aPulse duration. 615 7$aLasers. 615 7$aScanning electron microscopy. 700 $aLedesma$b Rodolfo$01399310 712 02$aLangley Research Center, 801 0$bGPO 801 1$bGPO 906 $aBOOK 912 $a9910706801903321 996 $aDetermination of cross-sectional area of focused picosecond Gaussian laser beam$93464280 997 $aUNINA